Подробности
| 000 -МАРКЕР |
| контрольное поле |
02688nam0a2200409 4500 |
| 001 - ИДЕНТИФИКАТОР ЗАПИСИ |
| контрольное поле |
RU\NLR\bibl\1705601 |
| 005 - ИДЕНТИФИКАТОР ВЕРСИИ |
| контрольное поле |
20260408010202.0 |
| 010 ## - МЕЖДУНАРОДНЫЙ СТАНДАРТНЫЙ НОМЕР КНИГИ (ISBN) |
| Номер (ISBN) |
978-5-7944-1445-5 |
| Тираж |
75 |
| 021 ## - НОМЕР ГОСУДАРСТВЕННОЙ РЕГИСТРАЦИИ |
| Код страны |
Российская Федерация |
| Номер |
2010-82883 |
| Номер Листа государственной регистраци |
5525 |
| 035 ## - ДРУГИЕ СИСТЕМНЫЕ НОМЕРА |
| Идентификатор записи |
(NLR Aleph) 001696653 |
| 100 ## - ДАННЫЕ ОБЩЕЙ ОБРАБОТКИ |
| Данные общей обработки |
20100820d2010 |||y0rusy50 ca |
| 101 0# - ЯЗЫК РЕСУРСА |
| Язык текста, звукозаписи и т.д. |
русский |
| 102 ## - СТРАНА ПУБЛИКАЦИИ ИЛИ ПРОИЗВОДСТВА |
| Страна публикации |
Российская Федерация |
| 105 ## - ПОЛЕ КОДИРОВАННЫХ ДАННЫХ: ТЕКСТОВЫЕ МАТЕРИАЛЫ, МОНОГРАФИЧЕСКИЕ |
| Кодированные данные о монографическом текстовом документе |
a ||||||||| |
| 200 1# - ЗАГЛАВИЕ И СВЕДЕНИЯ ОБ ОТВЕТСТВЕННОСТИ |
| Основное заглавие |
Вопросы гидрологии, геоэкологии и охраны водных объектов |
| Сведения, относящиеся к заглавию |
материалы межрегиональной научно-практической конференции студентов, магистров и аспирантов (22-24 апреля 2010 г.) |
| Первые сведения об ответственности |
[науч. ред. д.г.н., проф. С.А. Двинских и др.] |
| 210 ## - ПУБЛИКАЦИЯ, РАСПРОСТРАНЕНИЕ И ДР. |
| Место издания, распространения и т.д. |
Пермь |
| Имя издателя, распространителя и т. д. |
Редакционно-издательский отдел Пермского государственного университета |
| Дата издания, распространения и т.д. |
2010 |
| Имя изготовителя |
ИД "Пресстайм" |
| 215 ## - ФИЗИЧЕСКАЯ ХАРАКТЕРИСТИКА |
| Специфическое обозначение материала и объем |
128 с. |
| Другие сведения о физической характеристике |
ил., карт., план. |
| Размеры |
21 |
| 300 ## - ОБЩИЕ ПРИМЕЧАНИЯ |
| Текст примечания |
В надзаг.: Федер. агентство по образованию, Гос. образоват. учреждение высш. проф. образования "Перм. гос. ун-т", М-во пром-сти, инноваций и науки Перм. края |
| 320 ## - ПРИМЕЧАНИЯ О НАЛИЧИИ В ДОКУМЕНТЕ БИБЛИОГРАФИИ / УКАЗАТЕЛЯ |
| Текст примечания |
Библиогр. в конце отд. ст. |
| 606 1# - НАИМЕНОВАНИЕ ТЕМЫ КАК ПРЕДМЕТ |
| Наименование темы |
Водные ресурсы |
| Формальный подзаголовок |
Съезды, совещания и т.п. |
| Тематический подзаголовок |
Геоэкологические исследования |
| Географический подзаголовок |
Пермский край |
| Системный номер авторитетной/нормативной записи |
2536495 |
| Идентификатор авторитетной/нормативной записи |
RU\NLR\auth\661502039 |
| 606 1# - НАИМЕНОВАНИЕ ТЕМЫ КАК ПРЕДМЕТ |
| Наименование темы |
Водные ресурсы |
| Формальный подзаголовок |
Съезды, совещания и т.п. |
| Тематический подзаголовок |
Охрана |
| Географический подзаголовок |
Пермский край |
| Системный номер авторитетной/нормативной записи |
2490149 |
| Идентификатор авторитетной/нормативной записи |
RU\NLR\auth\661477608 |
| 607 ## - ГЕОГРАФИЧЕСКОЕ НАИМЕНОВАНИЕ КАК ПРЕДМЕТ |
| Географическое наименование |
Пермский край |
| Формальный подзаголовок |
Съезды, совещания и т.п. |
| Тематический подзаголовок |
Гидрология |
| Системный номер авторитетной/нормативной записи |
2536491 |
| Идентификатор авторитетной/нормативной записи |
RU\NLR\auth\661502037 |
| 686 ## - ИНДЕКСЫ ДРУГИХ КЛАССИФИКАЦИЙ |
| Индекс |
26.22я431 |
| Издание |
LBC/RL |
| Код системы |
|
| 686 ## - ИНДЕКСЫ ДРУГИХ КЛАССИФИКАЦИЙ |
| Индекс |
28.081 |
| Издание |
LBC/RL |
| Код системы |
|
| 686 ## - ИНДЕКСЫ ДРУГИХ КЛАССИФИКАЦИЙ |
| Индекс |
Д229(2Р36-4Пе)я431 |
| 686 ## - ИНДЕКСЫ ДРУГИХ КЛАССИФИКАЦИЙ |
| Индекс |
Д220.8(2Р36-4Пе)я431 |
| 702 #1 - ИМЯ ЛИЦА - ВТОРИЧНАЯ ОТВЕТСТВЕННОСТЬ |
| Код отношения |
Редактор |
| Начальный элемент ввода |
Двинских |
| Часть имени, кроме начального элемента ввода |
С. А. |
| Дополнения к именам, кроме дат |
д-р геогр. наук |
| Даты |
1948- |
| Расширение инициалов личного имени |
Светлана Александровна |
| Системный номер авторитетной/нормативной записи |
167525 |
| Идентификатор авторитетной/нормативной записи |
RU\NLR\AUTH\770167572 |
| 711 12 - НАИМЕНОВАНИЕ ОРГАНИЗАЦИИ - АЛЬТЕРНАТИВНАЯ ОТВЕТСТВЕННОСТЬ |
| Начальный элемент ввода |
Межрегиональная научно-техническая конференция студентов, магистров и аспирантов |
| Место проведения временной организации |
Пермь |
| Дата проведения временной организации |
2010 |
| Системный номер авторитетной/нормативной записи |
838757 |
| Идентификатор авторитетной/нормативной записи |
RU\NLR\AUTH\8810171464 |
| 801 #0 - ИСТОЧНИК ЗАПИСИ |
| Страна |
Российская Федерация |
| Организация |
Пермская ГОУБ |
| Дата составления |
20100820 |
| Правила каталогизации |
rcr |
| 801 #1 - ИСТОЧНИК ЗАПИСИ |
| Страна |
Российская Федерация |
| Организация |
Пермская ГОУБ |
| Дата составления |
20100820 |
| Источник данных |
rusmarc |
| 801 #2 - ИСТОЧНИК ЗАПИСИ |
| Страна |
Российская Федерация |
| Организация |
NLR |
| Дата составления |
20101124 |
| Правила каталогизации |
rcr |
| 942 ## - ДОПОЛНИТЕЛЬНЫЕ ЭЛЕМЕНТЫ ЗАПИСИ (АБИС) |
| Тип экземпляра АБИС |
Книга |
| 980 ## - КОЛЛЕКЦИЯ |
| Название коллекции |
Национальная библиография |
| 980 ## - КОЛЛЕКЦИЯ |
| Название коллекции |
НБР |